Personnages de Zelda Echoes of Wisdom - Statistiques

Statistiques générales
  • Ce quiz a été pris 35 fois
  • Le résultat moyen est 11 sur 25
Statistiques - réponses
Par images Réponse % Correct
Link
100%
Zelda
100%
Impa
90%
Tri
90%
Ganon
86%
Jabu-Jabu
76%
Roi d'Hyrule
72%
Igor
69%
Nihil
59%
Général Dex
48%
Gohma
45%
Costre
38%
Loubery
38%
Ministre Sénèce
28%
Volcania
24%
Darston
21%
Dradd
17%
Invortex
17%
Poupouss
17%
Pyroglaz
14%
Taupriffon
14%
Thona
14%
Gigarok
10%
Kushia
7%
Selam
7%
Aucun quiz correspondant
Distribution des résultats
% des personnes avec chaque résultat
Percentile par nombre de réponses
Votre historique - résultats
Vous n’avez pas pris ce quiz